| 000 | 008640000a22002650004500 | ||
|---|---|---|---|
| 003 | EG-GiCUC | ||
| 008 | 090202s2008 ru g l 000 0 eng d | ||
| 040 |
_aEG-GiCUC _beng _cEG-GiCUC |
||
| 043 | _ae-ru--- | ||
| 092 | 0 | 4 |
_a332.6732094745 _bT216 _221 |
| 099 |
_a04 _a332.6732094745 T216 |
||
| 110 | 1 | _aTatarstan (Russia) | |
| 245 | 1 | 0 |
_aInvestor's guide : _bTatarstan your business partner |
| 246 | 1 | 0 | _aTatarstan. |
| 260 |
_aKazan : _bTatar book printing house, _c2008. |
||
| 300 |
_a72p.: _bill. ; _c22x27 cm. + _e1CD-Rom. |
||
| 650 | 0 |
_aInvestments _zRussia (Federation) _zTatarstan. |
|
| 650 | 0 |
_aInvestments _zRussia (Federation) _zTatarstan _vDirectories. |
|
| 651 | 0 |
_aRussia (Federation) _zTatarstan |
|
| 902 | _a1 | ||
| 905 |
_aEman _eRev. |
||
| 905 |
_aJamal _eCat. |
||
| 942 |
_2ddc _cBK |
||
| 999 |
_c113197 _d113197 |
||